00508nam a22001697a 450000500170000001000150001702000260003203500130005803700130007108200100008410000200009424501060011425000120022026000370023227000450026930000240031420100813154649.0 aENG-100286 a9788170637233c300.00 aEN-83818 bDBAD/PUB a279.3 aAli Khan Sajjad aThe Hermit of the Rocks :bthe conquest of self ancient wisdom for modern times /cby Ali Khan Sajjad a2nd ed. aNew DelhibArya Book Depotc2008 a30 Naiwala Karol BaghbNew Delhie110005 aviii,156pc21cm(Hb)